| 000 | 03008cam a2200409 i 4500 | ||
|---|---|---|---|
| 999 |
_c7653 _d7653 |
||
| 001 | 18031014 | ||
| 003 | GZU | ||
| 005 | 20210512085331.0 | ||
| 008 | 140205s2014 caua b 001 0 eng d | ||
| 010 | _a 2014932551 | ||
| 020 |
_a9781446202005 _qpaperback |
||
| 035 | _a(OCoLC)ocn898217230 | ||
| 040 |
_aYDXCP _beng _cYDXCP _erda _dMUU _dKSU _dFXG _dDLC |
||
| 042 | _alccopycat | ||
| 050 | 0 | 0 |
_aHM621 _b.DEN 2014 |
| 082 | 0 | 4 |
_a306 _223 |
| 100 | 1 |
_aDeNora, Tia, _eauthor. |
|
| 245 | 1 | 0 |
_aMaking sense of reality : _bculture and perception in everyday life / _cTia DeNora. |
| 246 | 3 | 0 | _aCulture and perception in everyday life |
| 264 | 1 |
_aLos Angeles : _bSAGE, _c2014. |
|
| 300 |
_axxvi, 168 pages : _billustrations ; _c24 cm. |
||
| 336 |
_atext _2rdacontent |
||
| 337 |
_aunmediated _2rdamedia |
||
| 338 |
_avolume _2rdacarrier |
||
| 504 | _aIncludes bibliographical references (pages 151-164) and index. | ||
| 505 | 0 | _aPart 1: Philosphically informed sociology -- Introducing slow sociology -- Conventional and unconventional realities: the case of sexual difference -- Part 2: Cultural sociology -- Culturally figured reality -- Once more, with feeling: beyond performance -- Variations in space and time -- Reflexivity: enacting cultural categories along with their instances -- Multiple realities in their maintenance -- Part 3: Artful practices and making sense -- Making sense of reality: perception as action -- The sense of reality: here, now, artfully, pragmatically and with consequences. | |
| 520 | _aWhat is reality and how do we make sense of it in everyday life? Why do some realities seem more real than others, and what of seemingly contradictory and multiple realities? This book considers reality as we represent, perceive and experience it. It suggests that the realities we take as 'real' are the result of real-time, situated practices that draw on and draw together many things - technologies and objects, people, gestures, meanings and media. Examining these practices illuminates reality (or rather our sense of it) as always 'virtually real', that is simplified and artfully produced. This examination also shows us how the sense of reality that we make is nonetheless real in its consequences. Making Sense of Reality offers students and educators a guide to analysing social life. It develops a performance-based perspective ('doing things with') that highlights the ever-revised dimension of realities and links this perspective to a focus on object-relations and an ecological model of culture-in-action.--Provided by publisher. | ||
| 650 | 0 | _aCulture. | |
| 650 | 0 | _aReality. | |
| 650 | 7 |
_aCulture. _2fast _0(OCoLC)fst00885059 |
|
| 650 | 7 |
_aReality. _2fast _0(OCoLC)fst01091244 |
|
| 650 | 7 |
_aSocial interaction. _2fast _0(OCoLC)fst01122562 |
|
| 906 |
_a7 _bcbc _ccopycat _d2 _encip _f20 _gy-gencatlg |
||
| 942 |
_2lcc _cBK _h621 _iDEN _kHM |
||